Les 5 pays les plus corrompus par continent - Statistiques

Statistiques générales
  • Ce quiz a été pris 152 fois
    149 depuis la dernière actualisation
  • Le résultat moyen est 19 sur 30
Statistiques - réponses
Indice de corruption % Correct
28 Russie
86%
35 Brésil
85%
18 Venezuela
82%
28 Mexique
80%
32 Ukraine
74%
29 Bolivie
72%
34 Equateur
72%
18 Irak
70%
14 Corée du Nord
69%
29 Honduras
68%
19 Haïti
67%
29 Paraguay
67%
16 Afghanistan
66%
10 Somalie
66%
13 Syrie
66%
27 Guatemala
65%
25 Nicaragua
65%
37 Kosovo
64%
36 Albanie
61%
33 Moldavie
61%
16 Soudan
61%
39 Samoa
56%
13 Soudan du Sud
56%
31 Tonga
56%
14 Yemen
53%
31 Kiribati
50%
43 Îles Salomon
48%
28 Papouasie-Nouvelle-Guinée
43%
16 Guinée-Bissau
37%
16 Guinée équatoriale
37%
Aucun quiz correspondant
Distribution des résultats
% des personnes avec chaque résultat
Percentile par nombre de réponses
Votre historique - résultats
Vous n’avez pas pris ce quiz depuis la dernière actualisation